000 00616nam a2200229Ia 4500
005 20230808113812.0
008 131103s9999 xx 000 0 und d
040 _aLoreto College
041 _aEnglish
082 _a920
_bPEP
245 4 _aThe Diary of Samuel Pepys
250 _arev.& reset
260 _aLondon
_bJ.M.Dent
_c1953 (1959 printing)
300 _aV.2 (719 p.)
440 _aEveryman's Library
504 _aIncludes bibliographical references and index
650 _aPepys,Samuel,1633 - 1703
651 _aBiography
700 _aRhys,Ernest,series ed.
850 _aLCLIB
942 _cBK
999 _c13881
_d64360